Clínica Mayo Guía de autocuidados : soluciones a los problemas cotidianos de la salud
Na minha lista:
| Outros Autores: | |
|---|---|
| Formato: | Livro |
| Idioma: | espanhol inglês |
| Publicado em: |
Miguel Hidalgo :
Intersistemas,
c1999.
|
| Edição: | 1a. ed. en español. |
| Assuntos: |
MARC
| LEADER | 00000Cam#a2200000#a#4500 | ||
|---|---|---|---|
| 001 | 027126 | ||
| 005 | 20160721162223.0 | ||
| 008 | 150223s1999||||mx a ### #001|0#spa#d | ||
| 020 | |a 9681103548 | ||
| 040 | |a AR-BeUNQ |b spa | ||
| 041 | 1 | |a pa |h eng | |
| 082 | 0 | 4 | |a 616.024 |2 21 |
| 245 | 0 | 0 | |a Clínica Mayo Guía de autocuidados : |b soluciones a los problemas cotidianos de la salud |c Philip T. Hagen editor en jefe. |
| 246 | 3 | 3 | |a Guía de autocuidados de la Clínica Mayo |
| 250 | |a 1a. ed. en español. | ||
| 260 | |a Miguel Hidalgo : |b Intersistemas, |c c1999. | ||
| 300 | |a x, 244 p. : |b il. ; |c 26 cm. | ||
| 500 | |a Índice analítico: p. 236-244. | ||
| 505 | 0 | |a Prefacio -- Personal editorial, revisores y colaboradores -- Introducción -- Cuidados de urgencia -- Síntomas generales -- Problemas comunes por aparatos y sistemas -- Enfermedades específicas -- Salud mental -- Conservación de la salud -- Salud y trabajo -- El consumidor saludable | |
| 650 | 7 | |a Medicina |2 spines | |
| 650 | 7 | |a Salud |2 spines | |
| 650 | 7 | |a Enfermedades |2 spines | |
| 650 | 7 | |a Atención primaria de salud |2 toit | |
| 700 | 1 | |a Hagen, Philip T, |e editor |4 edt | |
| 929 | |a DONACION |b Ana M. Heredia |d 0 |e 20121022 |f PAT0045735 |g 2030 Exp. 827-0387/98 |j 52427 | ||
| 942 | |c LIB |n 0 | ||
| 999 | |c 24757 |d 100144 | ||